000 00659nam a2200253Ia 4500
003 OSt
005 20221005041835.0
006 a|||||r|||| 00| 0
007 ta
008 221004b |||||||| |||| 00| 0 eng d
020 _a091822411X
024 _a17783
037 _cTextual
040 _aCRL
_cCRL
_beng
041 _2eng
_aeng
082 _aDelta2:3xN21, M7
100 _aDarshan Singh
245 0 _aSpiritual awakening
260 _aDelhi
_bSawan Kirpal Publications India
_c1987
300 _a309p.
_ccm.
650 _aSPIRITUALISM
942 _hDelta2:3xN21, M7
_cTEXL
_2cc
999 _c949173
_d949173